00807nam a22002297a 450000500170000001000130001702000100003003500130004003700160005304000120006908200160008110000250009724500520012226000460017427000530022030000350027365000430030865000530035194200250040499900190042995201290044820170124110108.0 aA-221401 c68.00 aA-221401 bCen Lib/Ret aDPLbEN a954.12bKAU aKaur, Amarjit928611 aThe Punjab story /cby Amarjit Kaur...[at el.]. aNew DelhibRoli Books Internationalc1984 a4378/4 Ansari Road, DaryaganjbNew Delhie110002 aviii,199p. : c22cm(Hb)bill. aGolden Temple (Amritsar, India)928612 aPunjab (India) -- Politics and government927117 2ddccENh954.12mKAU c130217d130217 00104070aLbLd2015-07-08eCen Lib/Ret g68.00l0o954.12 KAUpA-221401r2015-07-08 00:00:00t1v68.00w2015-07-08yEN